[Event "Wch Juvenil 2010 sub14 Femenino"]
[Site "Porto Carras GRE"]
[Date "2010.10.22"]
[Round "3.2"]
[White "Ruiz Font, Elisabet"]
[Black "Bivol, Alina"]
[Result "1-0"]
[WhiteElo "1902"]
[BlackElo "2076"]
[PlyCount "75"]
[EventDate "2010.10.20"]
[EventType "swiss"]
[EventRounds "11"]
[EventCountry "GRE"]
[Source "lmi"]
[SourceDate "2010.10.20"]

1. e4 e6 2. d4 d5 3. Nc3 Bb4 4. exd5 exd5 5. Bd3 c5 6. Bb5+ Nc6 7. Nge2 Nge7 8.
O-O O-O 9. dxc5 Bxc5 10. Nf4 a6 11. Be2 Nd4 12. Bd3 Ndf5 13. Qf3 d4 14. Ne4 Ba7
15. Qh5 h6 16. Bd2 Nc6 17. Ng3 Nfe7 18. Rfe1 Qd7 19. h3 Bb8 20. Re4 Qd6 21.
Rae1 b5 22. Nfe2 f5 23. Rf4 g5 24. Rf3 Ne5 25. h4 Nxf3+ 26. gxf3 gxh4 27. Qxh4
Qf6 28. Qxd4 Be5 29. Qb4 a5 30. Qxb5 Ba6 31. Qb3+ Kh8 32. Bxa6 Qxa6 33. Nf4
Rab8 34. Qe3 Bxf4 35. Qxf4 Rf7 36. Qxb8+ Kh7 37. Qe8 Qf6 38. Bc3 1-0

[Event "Wch Juvenil 2010 sub14 Femenino"]
[Site "Porto Carras GRE"]
[Date "2010.10.24"]
[Round "5.9"]
[White "Patel, Yesim"]
[Black "Pachon, Adriana"]
[Result "1-0"]
[WhiteElo "1820"]
[BlackElo "1923"]
[PlyCount "89"]
[EventDate "2010.10.20"]
[EventType "swiss"]
[EventRounds "11"]
[EventCountry "GRE"]
[Source "lmi"]
[SourceDate "2010.10.20"]

1. e4 e5 2. Nf3 Nc6 3. Bb5 Nge7 4. Nc3 g6 5. d4 exd4 6. Nd5 Bg7 7. Bg5 h6 8.
Bf6 Bxf6 9. Nxf6+ Kf8 10. O-O Nf5 11. Nd5 Ng7 12. Qd2 d6 13. c3 Ne5 14. Be2 c6
15. Nf4 Nxf3+ 16. Bxf3 g5 17. Nd3 Qf6 18. cxd4 Qxd4 19. Rad1 Be6 20. Qa5 Qb6
21. Qa3 Rd8 22. e5 Ne8 23. exd6 Nxd6 24. Nc5 Ke7 25. Ne4 Qc7 26. Rd2 f5 27.
Nxd6 Rxd6 28. Re1 Rhd8 29. Rde2 Kd7 30. Bh5 Rf8 31. Rxe6 Rxe6 32. Rxe6 Kxe6 33.
Qxf8 Qf4 34. Qe8+ Kd5 35. Bf7+ Kd4 36. Qh8+ Kc5 37. Qc3+ Kd6 38. Qg3 Qxg3 39.
fxg3 b5 40. Kf1 c5 41. Be8 a6 42. a4 bxa4 43. Bxa4 Kd5 44. Bb3+ Ke4 45. Ke2 1-0

[Event "Wch Juvenil 2010 sub14 Femenino"]
[Site "Porto Carras GRE"]
[Date "2010.10.27"]
[Round "8.6"]
[White "Garcia-Castany, Musellas Gal La"]
[Black "Styazhkina, Anna"]
[Result "0-1"]
[WhiteElo "1768"]
[BlackElo "1974"]
[PlyCount "70"]
[EventDate "2010.10.20"]
[EventType "swiss"]
[EventRounds "11"]
[EventCountry "GRE"]
[Source "lmi"]
[SourceDate "2010.10.20"]

1. e4 e5 2. Nf3 Nc6 3. Bb5 g6 4. c3 a6 5. Ba4 d6 6. h3 Bg7 7. O-O Nge7 8. d4
Bd7 9. d5 Nb8 10. Bxd7+ Nxd7 11. Nbd2 O-O 12. a4 h6 13. Nh2 f5 14. f4 Nf6 15.
fxe5 dxe5 16. exf5 Nxf5 17. Nc4 Qxd5 18. Qxd5+ Nxd5 19. Re1 Rae8 20. Ng4 e4 21.
Nge3 Nfxe3 22. Bxe3 h5 23. Bc5 Rf7 24. Rad1 Nf4 25. h4 b6 26. Ba3 b5 27. axb5
axb5 28. Nd2 e3 29. Nb3 Bh6 30. Rd4 e2 31. Nc5 Nh3+ 32. gxh3 Be3+ 33. Kg2 Rf2+
34. Kg3 Ref8 35. Rf4 R8xf4 0-1

[Event "Wch Juvenil 2010 sub14 Femenino"]
[Site "Porto Carras GRE"]
[Date "2010.10.27"]
[Round "8.11"]
[White "Gaboyan, Susanna"]
[Black "Shamatava, Ana"]
[Result "1-0"]
[WhiteElo "1806"]
[BlackElo "1922"]
[PlyCount "85"]
[EventDate "2010.10.20"]
[EventType "swiss"]
[EventRounds "11"]
[EventCountry "GRE"]
[Source "lmi"]
[SourceDate "2010.10.20"]

1. d4 Nf6 2. Nf3 e6 3. e3 c5 4. c4 d5 5. Nc3 Nc6 6. b3 cxd4 7. Nxd4 Bb4 8. Bb2
Qa5 9. Ndb5 O-O 10. a3 Be7 11. b4 Qd8 12. cxd5 exd5 13. Be2 a6 14. Nd4 Bd6 15.
O-O Re8 16. Nf3 h6 17. Qd2 Ne4 18. Qc2 Bf5 19. Bd3 Rc8 20. Qb3 Be6 21. Qd1 f5
22. Ne2 Qe7 23. Ned4 Ne5 24. Nxe6 Qxe6 25. Nd4 Qf7 26. f3 Nxd3 27. Qxd3 Qh5 28.
g3 Nxg3 29. hxg3 Bxg3 30. Qd2 Qg5 31. Qg2 Qxe3+ 32. Kh1 f4 33. Nf5 Qb3 34. Rac1
d4 35. Ne7+ Rxe7 36. Rxc8+ Kh7 37. Qc2+ Qxc2 38. Rxc2 d3 39. Rd2 Re2 40. Bc3
Re3 41. Kg2 Re2+ 42. Rxe2 dxe2 43. Rh1 1-0